| 000 | 00751nam a22002177a 4500 | ||
|---|---|---|---|
| 999 |
_c17001 _d17001 |
||
| 003 | AR-CdUCM | ||
| 008 | 190507b ||||| |||| 00| 0 spa d | ||
| 040 |
_aMUNICIPALIDAD PROVINCIAL DEL CUSCO _cBIBLIOTECA MUNICIPAL DEL CUSCO |
||
| 082 |
_a111 / _bS21 |
||
| 100 |
_aSantayana, George _936795 |
||
| 245 | _aLos reinos del ser / | ||
| 260 |
_aBuenos Aires : _bFondo de cultura económica, _c1959. |
||
| 300 |
_a700 páginas ; _c21 cm. |
||
| 505 | _aContenido : El reino de la esencia -- El reino de la materia -- El reino de la verdad ... | ||
| 650 |
_aReino de la verdad _936799 |
||
| 650 |
_aEl ser _936800 |
||
| 650 |
_aPsicología _91538 |
||
| 700 |
_aGonzález Aramburo, Francisco _98296 |
||
| 942 |
_2ddc _cLIBROS |
||
| 945 |
_arah _d07/05/2019 |
||